00332 a2200133 4500245002700000020001800027650001500045005001700060260001300077084002400090300004200114500002500156999001700181 aThey are cominghprint a9781779222589 aliterature20191021095409.0 arhc2014 aMLCS 2014/00413 (P) a146 pages b 21 cmc146 pages ; 21 cm aChristopher Mlalazi. c12189d12189